| 000 | 01296nam a22002297a 4500 | ||
|---|---|---|---|
| 008 | 250522s2025 xxk|||||o|||| 00| 0 eng d | ||
| 041 | _aeng | ||
| 110 | _aRoyal Institution of Chartered Surveyors | ||
| 245 |
_aPrincipal Designer services (building services) scope of services _bEngland _h[Electronic resource] |
||
| 260 |
_aLondon, _bRoyal Institution of Chartered Surveyors, _c2025 |
||
| 300 | _a12p. | ||
| 490 | _aRICS Standard Form | ||
| 520 | _aPrincipal Designer (Building Regulations) Services provides a comprehensive set of those surveyor services present for Principal Designer Services under The Building Regulations, Part 2A, following on from the Building Safety Act 2022. These are not the same as Principal Designer (CDM 2015) Services, for which a separate set of documents will apply. | ||
| 520 | _aFor use with the RICS Standard or RICS Short Forms of Consultant’s Appointment | ||
| 650 | _aAPPOINTMENT | ||
| 650 | _aBUILDING SAFETY ACT 2022 | ||
| 650 | _aPRINCIPAL DESIGNER | ||
| 651 | _aEngland | ||
| 710 | _aRoyal Institution of Chartered Surveyors | ||
| 856 |
_uhttps://www.rics.org/content/dam/ricsglobal/documents/standards/standard-form-of-consultants-appointment/Principal-Designer-BR-Services-England-April-2025.pdf _zAvailable on RICS.org |
||
| 942 | _n0 | ||
| 999 |
_c122166 _d122166 |
||